000 00391pab a2200145 454500
008 180718b2002 xxu||||| |||| 00| 0 eng d
100 _aSossin, Lorne
245 _aDiscretion unbound: reconciling the charter and soft law
260 _c2002
300 _ap.465-89.
362 _aWinter
650 _aAdministrative discretion
773 _aCanadian Public Administration
909 _a57741
999 _c57741
_d57741